000 00285 a2200121 4500
005 20250628180654.0
020 _a978-1-84710-983-5
100 _aACCA
245 _aAccountant in Business
260 _aBerkshire
_bKaplan Publishing
_c2010
300 _ax, 110p.:
_c26cm
942 _2ddc
_cBKS
999 _c6151
_d6151